00731nam a2200229Ia 4500003000400000005001700004008004100021020001800062040000700080041000800087082002100095100003200116245004900148260003000197300001800227365001400245650002800259906004900287942001200336999001900348952013400367OSt20230516110546.0210423s2013 xx 000 0 und d a9781439848852 cAL aeng a664.001 CHAM223 aCHANDRASEKARAN (M).9104889 aValorization of food processing by products. aNew YorkbCRC Pressc2013 axxvii,808bHB b9460cINR aFood Technology9104890 afood ; processing ; products. ; Valorization 2ddccBK c164809d164809 001040708FSTaSACPGbSACPGd2013-05-02eAthulya Booksg9460.00l0o664.001 CHAMpPG011307r2022-08-24 00:00:00w2021-04-26yBK